Dôležité pojmy Pohľady na oceňovanie podnikov a firiem. 2
Výklad základných pojmov používaných aj pri protichodných názoroch napoužívané metódy, pri oceňovaní podnikov a firiem.
Salvato in:
| Autore principale: | |
|---|---|
| Natura: | Capitolo di libro |
| Lingua: | slovacco |
| Soggetti: | |
| Tags: |
Nessun Tag, puoi essere il primo ad aggiungerne!!
|
MARC
| LEADER | 00000naa a2200000 4500 | ||
|---|---|---|---|
| 001 | r014057 | ||
| 005 | 20221213123349.3 | ||
| 041 | 0 | |a slo | |
| 044 | |a SK | ||
| 245 | 1 | 0 | |a Dôležité pojmy |b Pohľady na oceňovanie podnikov a firiem. 2 |c Ľ. Gambošová |
| 520 | |a Výklad základných pojmov používaných aj pri protichodných názoroch napoužívané metódy, pri oceňovaní podnikov a firiem. | ||
| 610 | 2 | 0 | |a oceňovanie |
| 610 | 2 | 0 | |a podnik |
| 610 | 2 | 0 | |a metodika |
| 610 | 2 | 0 | |a pojmy |
| 100 | 1 | |a Gambošová, Ľ. | |